|
|
|
|
| LEADER |
01494nab#a2200313#ar4500 |
| 001 |
000074869 |
| 003 |
SVKKK |
| 005 |
20050603xxxxxxx. |
| 008 |
06 c xo huno |
| FMT |
|
|
|
| 038 |
|
|
|a SVKKK
|
| 040 |
|
|
|a SVKKK
|b slo
|e AACR2
|
| 041 |
0 |
|
|a hun
|
| 044 |
|
|
|a xo
|c SK
|
| 080 |
|
|
|a 323
|
| 242 |
1 |
0 |
|a V Snine
|
| 245 |
0 |
0 |
|a Szinnán
|
| 500 |
|
|
|a mikrofilm
|
| 520 |
2 |
|
|a Nepokoje na základe revolúcie v Rusku v Snine v novembri 1918. Českí dôstojníci vyzývali rabujúcich navrátilcov z vojny, aby sa pridali na ich stranu a budú im odpustené tresty.- Robotníčka Katarína (Katalin) Sztankó na verejnom zhromaždení v Humennom vyzvala prihlásiť sa k českému a slovenskému štátu. Od farára a slúžneho odobrali úrady. Hnev sa obrátil proti slúžnemu Mauksovi, ktorému rozbil dav okná a vyhrážali sa mu na živote. Na jeho miesto vymenovali M. Eichlera tamojšieho pisára.. Do Sniny došiel 34. peší pluk urobiť poriadky. Pri domových prehliadkach sa našlo práve u K. Sztankó ai. množstvo tovaru na predaj (v množstve pre celý veľký obchod)
|
| 650 |
0 |
4 |
|a Sztankó, Katarína (robotníčka) - pripojenie sa k Čechom (výzva) - Snina - rok 1918
|
| 650 |
0 |
4 |
|a záležitosti vnútorné - nepokoje - Snina - november 1918 - informácie
|
| 773 |
0 |
|
|t Felvidéki Hirlap
|g Roč. 12, č. 28 (23.11.1918) s. 3
|
| 957 |
|
|
|a Snina
|
| 958 |
|
|
|a DG
|
| 958 |
|
|
|a SK
|
| 974 |
|
|
|a Ba
|d 20050603
|
| 992 |
|
|
|a RBX
|
| BAS |
|
|
|
| 998 |
|
|
|a RETRO
|